00631nam a2200121Ia 4500008004100000100001900041245019300060245011600253260004700369260000900416650002200425856006200447160809s9999 xx 000 0 und d aS.O., Adeniyi. aAN ASSESSMENT OF THE LEVEL OF INFLUENCE OF FAMILY LIFE AND HIV/AIDS EDUCATION ON KNOWLEDGE, ATTITUDE AND DECISION MAKING AMONG ADOLESCENTS WITH HEARING IMPAIRMENT IN SOME STATES IN NIGERIA cAdeniyi, S.O. Federal College of Education (Technical) Akoka Oyewumi, A.M. Fakolade, O.A. University of Ibadan. bInternational Journal of Special Education c2011 xSPECIAL EDUCATION uhttp://www.internationaljournalofspecialed.com/issues.php